| 000 | 00590nam a22002057a 4500 | ||
|---|---|---|---|
| 003 | OSt | ||
| 005 | 20210501122121.0 | ||
| 008 | 210210s2011 ||||| |||| 00| 0 eng d | ||
| 020 | _a0558521908 | ||
| 020 | _a9780558521905 | ||
| 040 |
_aeng _beng _cDLC |
||
| 041 | _aeng | ||
| 080 |
_a65 _bE-65 |
||
| 245 |
_aEquity _b: CFA Program Curriculum Volume 4 / Level III 2011 _c/ by: CFA Institute Pearson |
||
| 260 |
_aNew York _bCFA Institute Pearson _c2011 |
||
| 300 |
_a690 p. Glossary 30 p. Index 25 p. _bill. |
||
| 650 | 0 |
_9323 _aBusiness |
|
| 653 | _aბიზნესი | ||
| 942 |
_2udc _cBK |
||
| 999 |
_c1295 _d1295 |
||